Представление документа в формате MARC21

Поле Инд. ПП Название Значение
Тип записи a
Библиографический уровень a
001 Контрольный номер 3e8d1c6873f74fa58eb1415ffa252541
005 Дата корректировки 20210224163044.2
040 a Служба первич. каталог. НБ ТвГУ
b Код языка каталог. rus
e Правила каталог. PSBO
041 0_ a Код языка текста rus
097 b Оператор Komarova.ES
098 b Факультет Институт педагогического образования и социальных технологий
c Кафедра Социальной работы и педагогики
100 1_ a Автор Салихова Ольга Григорьевна
q Полное имя Салихова О. Г.
245 10 a Заглавие Молодежь как объект этнокультурного воспитания
260 a Место издания Тверь
504 a Библиография Библиогр.: с. 196-197 (11 назв.)
520 0_ a Аннотация В статье обоснована необходимость использования социологического подхода в воспитании молодежи, что связано с этнической гетерогенностью общества и особенностями молодежи как социальной группы. Предложены основания этнокультурного воспитания молодежи, которые позволяют преодолеть негативные явления ксенофобии, шовинизма, интолерантности, этнического изоляционизма и экстремизма.
653 0_ a Ключевые слова Труды Тверского государственного университета
a Ключевые слова Молодежь
a Ключевые слова Этнокультурное воспитание
a Ключевые слова Социологический подход
a Ключевые слова Социальная группа
a Ключевые слова Социальная жизнь
700 12 a Другие авторы Ершов Вячеслав Алексеевич
q Полное имя Ершов В. А.
773 18 w Контрольный № источника 7e15894b3bf841839de261c5f071005b
t Название источника Молодежь и государство: научно-методологические, социально-педагогические и психологические аспекты развития современного образования
d Место и дата издания Тверь, 2020
g Прочая информация С. 191-197
856 40 u URL http://texts.lib.tversu.ru/texts/150165t.pdf
x Примечание для ЭОР Справка УИС 2020
x Примечание для ЭОР Реестр суммарного учета сетевых локальных документов
i Дата подключения ЭОР 20210224
901 t Тип документа a
920 a Оператор Кома
954 b Дата поступления в ОК 20210217